000 02049cam a22004454i 4500
003 PE-LiUPU
005 20250731175621.0
008 150617s1982 sp r 000 0 spa d
020 _a8437602076
020 _a9780029146507
035 _a(Sirsi) i9788437602073
040 _aPE-LiUPU
_bspa
_cPE-LiUPU
_erda
049 _aPRUA
082 0 4 _a465.5
_bD77
_221
100 1 _aD'Introno, Francesco,
_eautor.
245 1 0 _aSintaxis transformacional del español.
264 1 _aMadrid :
_bEdiciones Cátedra,
_c1982.
300 _a307 páginas ;
_c21 centímetros
336 _atext
_2rdacontent
337 _aunmediated
_2rdamedia
338 _avolume
_2rdacarrier
504 _aBibliografía: páginas 299-302.
504 _aÍndice: páginas 303-307.
505 0 _aUn modelo gramatical -- Pronombres personales -- Pronombres sujetos -- La gramática generativo - transformacional -- Reflexivización -- Pronominalización -- Activo y pasivo -- Elisión de los sintagmas nominales equivalentes -- Elevación de SV -- Extraposición -- Elevación del objeto y elevación del sujeto -- Dislocación y topicalización -- Causativos -- Cláusulas subordinadas no infinitivas -- Relativización -- Oraciones pseudo-hendidas y oraciones interrogativas -- Otros procesos transformacionales -- Condiciones y transformaciones en la sintaxis del español.
526 _aP145
526 _aP127
526 _aP97
526 _aP35
526 _aP14
526 _aP07
650 0 4 _aEspañol
_xSintaxis.
910 _ajck
_bjvq
_cjck
_d20150616
910 _bksl
_cksl
_d20190515
942 _2ddc
_cBOOK
949 _a465.5 D77
_wDEWEY
_c1
_i24057
_lCCODEBUL1
_mBUL
_r0
_sY
_tBOOK
_u2015-4-22
_xEDUCACION
_zUNKNOWN
_0COMPRA
_o.STAFF. Colección General
994 _aC0
_bPEPRU
596 _a1
999 _a465.5 D77
_wDEWEY
_c19191
_i24057
_d19191
_f2021-11-9
_g7
_lCCODEBUL1
_mBUL
_p22.00
_q2
_r0
_sY
_tBOOK
_u2015-4-22
_xEDUCACION
_zUNKNOWN
_0COMPRA
_o.STAFF. Colección General
980 _81
_gALBERTO SANCHEZ Responsable de Automatización